| 000 | 01554nam a2200397 i 4500 | ||
|---|---|---|---|
| 001 | 196452 | ||
| 003 | ES-MaACL | ||
| 005 | 20250904233818.0 | ||
| 007 | ta | ||
| 008 | 240928s2006 sp a 000 0 spa d | ||
| 017 | _aB 35574-2006 | ||
| 020 | _a8489192634 | ||
| 020 |
_a8489192588 ( _qobra completa) |
||
| 024 | _aRebiun21150360 | ||
| 040 |
_aUCHELCHE-TGM / UCHCEU-PPP/ USPCEU-EVG _bspa _cES-MaACL |
||
| 080 | _a94(460).093 | ||
| 245 | 0 | 0 |
_aOrtega, padre de la República, vuelve a la España franquista : _b1945 / _c[coordinadores, Daniel Arjona y Silvia Fernández]. |
| 260 |
_aMadrid : _bUnidad Editorial, _cD.L. 2006. |
||
| 300 |
_a201 p. : _bil. ; _c25 cm |
||
| 336 |
_2rdacontent _atexto |
||
| 337 |
_2rdamedia _asin mediación |
||
| 338 |
_2rdacarrier _avolumen |
||
| 490 | 1 |
_aEl Franquismo, año a año ; _v5 |
|
| 651 | 4 |
_aEspaña- _xHistoria- _y1939-1975, Francisco Franco _9238964 |
|
| 655 | 7 |
_2tgfbne _aLibros ilustrados _9193653 |
|
| 700 |
_aRodríguez Bajón, Miguel Ángel, _d1964- _eaut _9238960 |
||
| 700 | 1 |
_aArjona, Daniel, _9238965 |
|
| 700 |
_aFernández Campos, Silvia _9238966 |
||
| 830 | 3 |
_aEl franquismo, año a año _v5 _9238963 |
|
| 852 |
_aES-MaACL _cDEPO1 _jA-15486 _hDonación: Fernando Codina Rodríguez _xEncuadernación rústica con solapas _zEn proceso _9204153 |
||
| 903 |
_aCodina Rodríguez, Fernando _ednr _9238631 |
||
| 942 |
_n0 _cMONOGRAFIA |
||
| 999 |
_c196452 _d196452 |
||